| 000 | 00992cad a22001935a 4500 | ||
|---|---|---|---|
| 001 | L155603 | ||
| 008 | 120329s2012 xxk f 000 0 eng d | ||
| 035 | _a(Sirsi) u155642 | ||
| 041 | 0 | _aeng | |
| 110 | 2 |
_aShelter _92788 |
|
| 245 | 0 | 0 |
_aRent inflation and affordability in London's private rental market _h[electronic resource] |
| 260 |
_aLondon _bShelter _c2012 |
||
| 520 | _aHighlights inflation rates for inner, outer and the whole of London, split by bedroom size, the levels of household income needed to afford the median rent on a two bedroom home in each London borough and the affordability of private renting in London for key worker families on median pay for their roles. Interactive map show affordability findings. | ||
| 590 | _aKA NTK | ||
| 651 | 4 | _aLondon | |
| 690 |
_aResidential property _96266 |
||
| 856 | 4 | 0 |
_uhttps://england.shelter.org.uk/__data/assets/pdf_file/0008/425708/London_Rent_Watch.pdf _zView the item free of charge at england.shelter.org.uk |
| 942 | _n0 | ||
| 999 |
_c113721 _d113721 |
||